<?xml version="1.0" encoding="UTF-8"?>
<record
    xmlns:xsi="http://www.w3.org/2001/XMLSchema-instance"
    xsi:schemaLocation="http://www.loc.gov/MARC21/slim http://www.loc.gov/standards/marcxml/schema/MARC21slim.xsd"
    xmlns="http://www.loc.gov/MARC21/slim">

  <leader>01571    a2200229   4500</leader>
  <controlfield tag="001">54741</controlfield>
  <controlfield tag="005">20260407155822.0</controlfield>
  <controlfield tag="008">260407a2008    arg                 spa d</controlfield>
  <controlfield tag="003">AR-UNSa-BCEJYS</controlfield>
  <datafield tag="040" ind1=" " ind2=" ">
    <subfield code="a">AR-UNSa-BCEJYS</subfield>
    <subfield code="b">spa</subfield>
    <subfield code="c">AR-UNSa-BCEJYS</subfield>
  </datafield>
  <datafield tag="080" ind1=" " ind2=" ">
    <subfield code="a">321.01</subfield>
    <subfield code="x">Teor&#xED;a general del Estado. Teor&#xED;a y filosof&#xED;a del poder. Estado y territorio. Autoridad y oposici&#xF3;n. Usurpaci&#xF3;n (Filosof&#xED;a pol&#xED;tica)</subfield>
  </datafield>
  <datafield tag="245" ind1="1" ind2="0">
    <subfield code="a">Desigualdades sociales y estado</subfield>
    <subfield code="p">un estudio multidisciplinar desde la posmodernidad</subfield>
  </datafield>
  <datafield tag="020" ind1=" " ind2=" ">
    <subfield code="a">978-987-95774-4-8</subfield>
  </datafield>
  <datafield tag="264" ind1=" " ind2="1">
    <subfield code="a">Buenos Aires :</subfield>
    <subfield code="b">Universidad de Buenos Aires. Facultad de Derecho. Departamento de Publicaciones</subfield>
    <subfield code="c">2008</subfield>
  </datafield>
  <datafield tag="300" ind1=" " ind2=" ">
    <subfield code="a">203 p.</subfield>
    <subfield code="c">22 cm.</subfield>
  </datafield>
  <datafield tag="505" ind1=" " ind2=" ">
    <subfield code="a">1. Introducci&#xF3;n &#x2013; 2. De las semejanzas entre el Estado pre moderno y el Estado posmoderno. Rol de la intelligentsia &#x2013; 3. La incidencia de la filosof&#xED;a pol&#xED;tica del utilitarismo y otras ideas cosmopolitas en la formaci&#xF3;n del Estado-naci&#xF3;n Argentino y el contrato social ausente &#x2013; 4. El orden internacional y las instituciones de la convivencia internacional &#xBF;Despu&#xE9;s del Estado qu&#xE9;? &#x2013; 5. Una posible realidad pol&#xED;tica posmoderna. Tolerancia y exclusi&#xF3;n: proceso reactivo ante el cambio &#x2013; 6. La estatizaci&#xF3;n y espectacularizacion de la pobreza: an&#xE1;lisis cr&#xED;tico del discurso posmoderno televisivo en la Argentina &#x2013; 7. Los testimonios difuminados &#x2013; 8. Las escuelas cuentan sus historias en la web.</subfield>
  </datafield>
  <datafield tag="041" ind1=" " ind2=" ">
    <subfield code="a">spa</subfield>
  </datafield>
  <datafield tag="942" ind1=" " ind2=" ">
    <subfield code="c">BK</subfield>
  </datafield>
  <datafield tag="590" ind1=" " ind2=" ">
    <subfield code="a">niveau_biblio:m niveau_hierar:0</subfield>
  </datafield>
  <datafield tag="100" ind1="1" ind2=" ">
    <subfield code="a">Ortiz, Tulio E.</subfield>
  </datafield>
  <datafield tag="700" ind1="1" ind2=" ">
    <subfield code="a">Pardo, Maria Laura</subfield>
  </datafield>
  <datafield tag="999" ind1=" " ind2=" ">
    <subfield code="c">5763</subfield>
    <subfield code="d">5763</subfield>
  </datafield>
  <datafield tag="952" ind1=" " ind2=" ">
    <subfield code="0">0</subfield>
    <subfield code="1">0</subfield>
    <subfield code="4">0</subfield>
    <subfield code="7">0</subfield>
    <subfield code="a">BCEJYS</subfield>
    <subfield code="b">BCEJYS</subfield>
    <subfield code="c">16</subfield>
    <subfield code="d">2026-04-07</subfield>
    <subfield code="l">0</subfield>
    <subfield code="o">321.01 O77</subfield>
    <subfield code="p">L117745</subfield>
    <subfield code="r">2026-04-07 15:58:22</subfield>
    <subfield code="w">2026-04-07</subfield>
    <subfield code="y">L</subfield>
  </datafield>
</record>
